| 000 | 00440nam a22001697a 4500 | ||
|---|---|---|---|
| 003 | CEME | ||
| 005 | 20210628205754.0 | ||
| 008 | 210316b xxu||||| |||| 00| 0 eng d | ||
| 040 | _c. | ||
| 082 | _a891.4393 ASH | ||
| 100 |
_aAshfaq Ahmad _93162 |
||
| 245 | _aSafar-e-meena afsanay - safarnamay | ||
| 260 |
_aLAHORE _bSANG-E-MEEL _c1991 |
||
| 300 | _a396P | ||
| 650 |
_aURDU ADAB-FICTIONS URDU ADAB-SAFAR NAMAY _976984 |
||
| 942 |
_cBK _2ddc |
||
| 999 |
_c582296 _d582296 |
||